Vilence and Non-Violence: (Record no. 207514)
[ view plain ]
| 000 -LEADER | |
|---|---|
| fixed length control field | 00664nam a22001937a 4500 |
| 005 - DATE AND TIME OF LATEST TRANSACTION | |
| control field | 20241210115609.0 |
| 010 ## - LCCN (DPL NO) | |
| LC control number | ENG-142913 |
| 020 ## - INTERNATIONAL STANDARD BOOK NUMBER | |
| International Standard Book Number | 9788186791912 |
| 020 ## - INTERNATIONAL STANDARD BOOK NUMBER | |
| Terms of availability | 2100.00 |
| International Standard Book Number | 8186791914 |
| 035 ## - SYSTEM CONTROL NUMBER | |
| System control number | EN-126445 |
| 037 ## - SOURCE OF ACQUISITION | |
| Source of stock number/acquisition | DBAD |
| 082 ## - DEWEY DECIMAL CLASSIFICATION NUMBER | |
| Classification number | 303.6 |
| 245 ## - TITLE STATEMENT | |
| Title | Vilence and Non-Violence: |
| Remainder of title | A Global Perspective/ |
| Statement of responsibility, etc | Edited By Santi Nath Chattopadhyay |
| 260 ## - PUBLICATION, DISTRIBUTION, ETC. (IMPRINT) | |
| Place of publication, distribution, etc | Kolkata |
| Name of publisher, distributor, etc | Punthi Pustak |
| Date of publication, distribution, etc | 2010 |
| 270 ## - ADDRESS | |
| Address | 136/4B,BidhanSarani, P.O. Box-16602 |
| City | Kolkata |
| Postal code | 700004 |
| Telephone number | 25555573 |
| Fax number | 91-033-25555573 |
| Electronic mail address | punthipustak@hotmail.com |
| 300 ## - PHYSICAL DESCRIPTION | |
| Extent | 404p. |
| Dimensions | 25cm(hb) |
| Other physical details | ,Index |
| 700 ## - ADDED ENTRY--PERSONAL NAME | |
| Personal name | Chattopadhyay, Santi Nath |
| 9 (RLIN) | 74874 |
| 942 ## - ADDED ENTRY ELEMENTS (KOHA) | |
| Source of classification or shelving scheme | Dewey Decimal Classification |
| Item type | English Books |
| Classification part | 303.6 |
| Call number suffix | VIO |
| Withdrawn status | Lost status | Not for loan | Collection code | Home library | Current library | Date acquired | Source of acquisition | Cost, normal purchase price | Full call number | Barcode | Copy number | Cost, replacement price | Koha item type |
|---|---|---|---|---|---|---|---|---|---|---|---|---|---|
| Non-fiction | R.K.Puram-8 | R.K.Puram-8 | 10/12/2024 | Delivery of Books Division | 2100.00 | 303.6 VIO | EN-126445 | 1 | 2100.00 | English Books |
